00435 2200157 4500001002100000005001500021035002000036007000300056008004100059082000800100084001200108245006100120260005100181300001900232700002600251INLIS00000000000282820260330025958 a0010-0326000022ta260330 b 0 ind  a813 a813 PET aPetualangan Menuju Rumah Kakek /cJihan Talita Ramadhani aJakarta :bPerpustakaan Asik SDN Rawa Buaya 07 a10 hlm :bilus0 aHarun Al Rasyid, S.Pd